Online katalóg knižníc regiónu Turca

Testy nadania (Record no. 22797)

MARC details
000 -LEADER
fixed length control field 01073nam a2200361 a 4500
001 - CONTROL NUMBER
control field 22797
003 - CONTROL NUMBER IDENTIFIER
control field SK-KTurca
005 - DATE AND TIME OF LATEST TRANSACTION
control field 20260428072444.0
008 - FIXED-LENGTH DATA ELEMENTS--GENERAL INFORMATION
fixed length control field 031105s2003 xo acg g rd 000 0 slo c
020 ## - INTERNATIONAL STANDARD BOOK NUMBER
International Standard Book Number 8055105766 (viaz.)
035 ## - SYSTEM CONTROL NUMBER
System control number UKB000331782
040 ## - CATALOGING SOURCE
Original cataloging agency BA001
Language of cataloging slo
Transcribing agency BA001
Description conventions AACR2
041 1# - LANGUAGE CODE
Language code of text/sound track or separate title slo
Language code of original ger
044 ## - COUNTRY OF PUBLISHING/PRODUCING ENTITY CODE
MARC country code xo
ISO country code SK
080 ## - UNIVERSAL DECIMAL CLASSIFICATION NUMBER
Universal Decimal Classification number 159.924
080 ## - UNIVERSAL DECIMAL CLASSIFICATION NUMBER
Universal Decimal Classification number 159.923
080 ## - UNIVERSAL DECIMAL CLASSIFICATION NUMBER
Universal Decimal Classification number 159.922.7
080 ## - UNIVERSAL DECIMAL CLASSIFICATION NUMBER
Universal Decimal Classification number 159.9.072
100 1# - MAIN ENTRY--PERSONAL NAME
Personal name Krafft, Thomas von
Dates associated with a name 1966-
245 00 - TITLE STATEMENT
Title Testy nadania
Statement of responsibility, etc. [Thomas von Krafft, Edwin Semke ; z nemeckého originálu preložila Alexandra Olejárová]
260 ## - PUBLICATION, DISTRIBUTION, ETC.
Place of publication, distribution, etc. Bratislava
Name of publisher, distributor, etc. Ikar
Date of publication, distribution, etc. 2003
300 ## - PHYSICAL DESCRIPTION
Extent 134 s.
Other physical details il., portr
504 ## - BIBLIOGRAPHY, ETC. NOTE
Bibliography, etc. note Bibliogr. s. 130-131
650 07 - SUBJECT ADDED ENTRY--TOPICAL TERM
Topical term or geographic name entry element nadanie
General subdivision deti nadané
-- testy psychologické
653 ## - INDEX TERM--UNCONTROLLED
Uncontrolled term 159.924
653 ## - INDEX TERM--UNCONTROLLED
Uncontrolled term 159.923
653 ## - INDEX TERM--UNCONTROLLED
Uncontrolled term 159.922.7
653 ## - INDEX TERM--UNCONTROLLED
Uncontrolled term 159.9.072
700 1# - ADDED ENTRY--PERSONAL NAME
Personal name Semke, Edwin
Dates associated with a name 1959-
Relationship aut
700 1# - ADDED ENTRY--PERSONAL NAME
Personal name Olejárová, Alexandra
Relationship trl
765 0# - ORIGINAL LANGUAGE ENTRY
Title <<Der>> grosse Begabungstest
Main entry heading Krafft, Thomas von, 1966-
-- Semke, Edwin, 1959-
942 ## - ADDED ENTRY ELEMENTS (KOHA)
Source of classification or shelving scheme Dewey Decimal Classification
Koha item type Odborná literatúra pre deti
Suppress in OPAC No
Holdings
Stav vyradenia Strata Poškodenie Spôsob nadobudnutia Domovská knižnica Aktuálna knižnica Dátum nadobudnutia Total checkouts Čiarový kód exemplára Date last seen Typ exemplára
      Dar Obecná knižnica Turčianska Štiavnička Obecná knižnica Turčianska Štiavnička 28.04.2026   4738001005 28.04.2026 Odborná literatúra pre deti
Projekt je podporený Slovenskou asociáciou knižníc
Prevádzkuje Turčianska knižnica Martin 2026